Top 10 Least Populated U.S. States in 1900 - Statistics

General Stats
  • This quiz has been taken 11 times
  • The average score is 8 of 10
Answer Stats
Population U.S. State % Correct
245,000 Montana
100%
93,000 Wyoming
100%
63,592 Alaska
83%
163,000 Idaho
83%
43,000 Nevada
83%
277,000 Utah
83%
124,000 Arizona
67%
185,000 Delaware
67%
196,000 New Mexico
67%
154,001 Hawaii
50%
No matching quizzes found
Score Distribution
Percent of People with Each Score
Percentile by Number Answered
Your Score History
You have not taken this quiz